| 000 | 00603nam a2200241 a 4500 | ||
|---|---|---|---|
| 001 | nice12345678 | ||
| 003 | IN_TiNIC | ||
| 005 | 20260116012312.0 | ||
| 008 | 050524s1986 dela grp 000 0 eng | ||
| 020 |
_a _c25 |
||
| 082 | 0 | 0 |
_a230.082 _bGNA |
| 100 | _aGnanadason, Aruna | ||
| 245 |
_aTowards a Theology of Humanhood _b Women`s Perspectives. |
||
| 260 |
_aDelhi _bISPCK _c1986 |
||
| 300 | _a156p | ||
| 500 | _aincludes index and biblioraphy | ||
| 505 | 2 | _aindex | |
| 650 | _aWomen-Christian Theology | ||
| 700 | 1 | _aGnanadason, Aruna | |
| 902 | _bSRS | ||
| 942 | _cBK | ||
| 999 |
_c6466 _d6466 |
||